00297nam a2200121Ia 45000030006000000080041000060400015000471000018000622450042000802600024001225460012001460050017001580STCL150530s9999 xx 000 0 und d aSTCLcSTCL aPrasad Iswari aShort history of Muslim rule in India bPrasad Iswaric1930 aEnglish20220125171427.0